<?xml version="1.0" encoding="UTF-8"?>
<record
    xmlns:xsi="http://www.w3.org/2001/XMLSchema-instance"
    xsi:schemaLocation="http://www.loc.gov/MARC21/slim http://www.loc.gov/standards/marcxml/schema/MARC21slim.xsd"
    xmlns="http://www.loc.gov/MARC21/slim">

  <leader>00666    a2200205   4500</leader>
  <datafield tag="952" ind1=" " ind2=" ">
    <subfield code="0">0</subfield>
    <subfield code="1">0</subfield>
    <subfield code="2">ddc</subfield>
    <subfield code="4">0</subfield>
    <subfield code="7">0</subfield>
    <subfield code="8">PSYCHOLOGY</subfield>
    <subfield code="a">MES</subfield>
    <subfield code="b">MES</subfield>
    <subfield code="c">PSYCHOLOGY</subfield>
    <subfield code="d">2022-06-30</subfield>
    <subfield code="e">50</subfield>
    <subfield code="g">1230.00</subfield>
    <subfield code="l">0</subfield>
    <subfield code="o">150.724 RAJ/E</subfield>
    <subfield code="p">41469</subfield>
    <subfield code="r">2022-06-30 00:00:00</subfield>
    <subfield code="t">vol 1</subfield>
    <subfield code="v">1230.00</subfield>
    <subfield code="w">2022-06-30</subfield>
    <subfield code="y">REF</subfield>
    <subfield code="z">GL45R1</subfield>
  </datafield>
  <datafield tag="952" ind1=" " ind2=" ">
    <subfield code="0">0</subfield>
    <subfield code="1">0</subfield>
    <subfield code="2">ddc</subfield>
    <subfield code="4">0</subfield>
    <subfield code="7">0</subfield>
    <subfield code="8">PSYCHOLOGY</subfield>
    <subfield code="a">MES</subfield>
    <subfield code="b">MES</subfield>
    <subfield code="c">PSYCHOLOGY</subfield>
    <subfield code="d">2022-06-30</subfield>
    <subfield code="e">50</subfield>
    <subfield code="g">1230.00</subfield>
    <subfield code="l">0</subfield>
    <subfield code="o">150.724 RAJ/E</subfield>
    <subfield code="p">41470</subfield>
    <subfield code="r">2022-06-30 00:00:00</subfield>
    <subfield code="t">vol 2</subfield>
    <subfield code="v">1230.00</subfield>
    <subfield code="w">2022-06-30</subfield>
    <subfield code="y">REF</subfield>
    <subfield code="z">GL45R1</subfield>
  </datafield>
  <datafield tag="999" ind1=" " ind2=" ">
    <subfield code="c">41476</subfield>
    <subfield code="d">41476</subfield>
  </datafield>
  <controlfield tag="003">OSt</controlfield>
  <controlfield tag="005">20220630124533.0</controlfield>
  <controlfield tag="008">220630b           ||||| |||| 00| 0 eng d</controlfield>
  <datafield tag="020" ind1=" " ind2=" ">
    <subfield code="a">8180691101</subfield>
  </datafield>
  <datafield tag="020" ind1=" " ind2=" ">
    <subfield code="a">8180691136</subfield>
  </datafield>
  <datafield tag="020" ind1=" " ind2=" ">
    <subfield code="a">8180691144(vol1)</subfield>
  </datafield>
  <datafield tag="020" ind1=" " ind2=" ">
    <subfield code="a">80691152(vol2)</subfield>
  </datafield>
  <datafield tag="040" ind1=" " ind2=" ">
    <subfield code="c">oclc</subfield>
  </datafield>
  <datafield tag="082" ind1=" " ind2=" ">
    <subfield code="a">150.724</subfield>
    <subfield code="b">RAJ/E</subfield>
  </datafield>
  <datafield tag="100" ind1="1" ind2=" ">
    <subfield code="9">9039</subfield>
    <subfield code="a">Rajamanickam, M.</subfield>
    <subfield code="d">1925-</subfield>
    <subfield code="q">(Muniappa),</subfield>
  </datafield>
  <datafield tag="245" ind1=" " ind2=" ">
    <subfield code="a">Experimental Psychology with Advanced Experiments /</subfield>
    <subfield code="c">M Rajamanickam</subfield>
  </datafield>
  <datafield tag="260" ind1=" " ind2=" ">
    <subfield code="a">New Delhi:</subfield>
    <subfield code="b">Concept publishing company,</subfield>
    <subfield code="c">2005.</subfield>
  </datafield>
  <datafield tag="300" ind1=" " ind2=" ">
    <subfield code="a">vol1 1-534 pages vol2 535-1062 pages</subfield>
  </datafield>
  <datafield tag="942" ind1=" " ind2=" ">
    <subfield code="2">ddc</subfield>
    <subfield code="c">REF</subfield>
    <subfield code="h">150.724</subfield>
    <subfield code="i">RAJ/E</subfield>
    <subfield code="k">150.724</subfield>
    <subfield code="m">RAJ/E</subfield>
  </datafield>
</record>
